Nueve ensayos dantescos
Збережено в:
| Автор: | |
|---|---|
| Формат: | Книга |
| Мова: | Undetermined |
| Опубліковано: |
Madrid, España
Alianza Editorial
2002
|
| Предмети: | |
| Теги: |
Додати тег
Немає тегів, Будьте першим, хто поставить тег для цього запису!
|
MARC
| LEADER | 00000nam a2200000Ia 4500 | ||
|---|---|---|---|
| 008 | 170316s9999 xx 000 0 und d | ||
| 040 | |a cru BVZT | ||
| 090 | |a 860 B-32n | ||
| 100 | |a Borges, Jorge Luis |9 1174 | ||
| 245 | |a Nueve ensayos dantescos |c / Jorge Luis Borges | ||
| 260 | |a Madrid, España |b Alianza Editorial |c 2002 | ||
| 300 | |a 102 páginas | ||
| 650 | |a LITERATURA LATINOAMERICANA |9 15 | ||
| 650 | |a EL SER PSICOFISICO |9 1255 | ||
| 650 | |a DIFERENCIA ESENCIAL ENTRE EL HOMBRE Y EL ANIMAL |9 1256 | ||
| 650 | |a EL HOMBRE |9 774 | ||
| 650 | |a EL ALMA |9 1257 | ||
| 650 | |a EL CUERPO |9 1258 | ||
| 650 | |a METAFÍSICA |9 239 | ||
| 650 | |a RELIGIÓN |9 135 | ||
| 650 | |a ENSAYOS |9 146 | ||
| 999 | |c 8443 |d 8443 | ||
| 942 | |c 15 D |h 860 B-32n |2 z | ||
